| 000 | 01724nam0a2200325 4500 | ||
|---|---|---|---|
| 001 | RU\NLR\bibl\1956722 | ||
| 005 | 20250616204633.0 | ||
| 035 | _a(nilc)EL/0000112810 | ||
| 035 | _a(NLR Aleph) 001945797 | ||
| 090 |
_a3627644 _c3627644 |
||
| 100 | _a20070319d2003 |||y0rusy50 ca | ||
| 101 | 0 | _arus | |
| 102 | _aRU | ||
| 105 | _aa ||||||||| | ||
| 200 | 1 |
_aОсновы остойчивости морского судна _eучебное пособие _e[для курсантов 3-4-го курса, обучающихся по специальности 240200 "Судовождение"] _fФ. М. Кацман, Б. Л. Коваленко _gМ-во трансп. Рос. Федерации, Федер. гос. образоват. учреждение Гос. мор. акад. им. адмирала С. О. Макарова, Каф. теории и устройства судна |
|
| 210 |
_aСанкт-Петербург _cГосударственная морская академия _d2003 |
||
| 215 |
_a47 с. _cил. _d21 |
||
| 320 | _aБиблиогр.: с. 46 (14 назв.) | ||
| 606 | 1 |
_aМорские суда _jУчебные издания для высших учебных заведений _xОстойчивость _92415001 _3RU\NLR\auth\661438599 |
|
| 686 |
_a39.42-011.12я73 _vLBC/RL _2rubbk |
||
| 686 | _aО424.1-011.12я73-1 | ||
| 700 | 1 |
_aКацман _bФ. М. _f1927- _gФеликс Максович _4070 |
|
| 701 | 1 |
_aКоваленко _bБ. П. _4070 |
|
| 801 | 0 |
_aRU _bМурманская ГОУНБ _c20070319 _grcr |
|
| 801 | 1 |
_aRU _bМурманская ГОУНБ _c20070319 |
|
| 801 | 2 |
_aRU _bNLR _c20120604 _grcr |
|
| 830 | _aпо эк | ||
| 942 | _cBOOK | ||
| 980 | _aNB | ||